| 000 | 00967nam a2200289 c 4500 | ||
|---|---|---|---|
| 003 | BLK | ||
| 005 | 20230329030256.0 | ||
| 008 | 180411b bul|||||r ||||||| ||bul|| | ||
| 010 | _aKNG00197387000 | ||
| 040 | _aBLK | ||
| 041 |
_aBUL _cBUL |
||
| 080 |
_aБългарска литература _b821.163.2 _x-4 _z821.163.2-4 |
||
| 139 |
_aХайтов, Николай Александров _bХ 21 |
||
| 245 | 1 | 0 |
_aБодливата роза _bЕсета _cНиколай Александров Хайтов. |
| 250 | _a3. изд. | ||
| 257 | _aBGR | ||
| 260 |
_аСофия _bОФ _c1977 |
||
| 300 |
_a142 с. _c16 см |
||
| 380 | _aX | ||
| 490 | 1 | _aПисател и общество | |
| 852 | _aЦб І 15583 | ||
| 856 | 4 |
_qpdf _u |
|
| 856 | 4 |
_qpdf _u |
|
| 942 |
_cKNG _n0 |
||
| 944 |
_aCR _c05.12.2016 _kГрета_Цуфелде |
||
| 944 |
_aED _c05.12.2016 _kГрета_Цуфелде |
||
| 999 |
_c188369 _d188369 |
||